| 000 | 01467ncm a2200325 c 4500 | ||
|---|---|---|---|
| 999 |
_c363475 _d363475 |
||
| 003 | BLK | ||
| 005 | 20241023005405.0 | ||
| 008 | 180414b bul |a|er|||| |0| c|bulo| | ||
| 010 | _aNOT00003360000 | ||
| 040 | _aBLK | ||
| 041 |
_aRUS _cRUS |
||
| 080 |
_aДуо виолончело и пиано _b785.72:787.3:786.2 |
||
| 139 |
_aПедагогический репертуар для виолончели и фортепьяно _bП 32 |
||
| 245 | 1 | 0 |
_aПедагогический репертуар для виолончели и фортепьяно _bДетская музыкальная школа : 3-4 класс _pП. Чайковский. Грустная песенка. Мазурка. |
| 260 |
_c1957 _9402828 _aМосква _bГосударственное музыкальное издательство |
||
| 300 |
_a7 с. _c29 см |
||
| 380 | _a7 | ||
| 490 |
_9404213 _aПедагогический репертуар детской музыкальной школы _gДля виолончели и фортепьяно 3-4 классы |
||
| 650 | 0 |
_aДуо - цигулка и пиано _9353793 |
|
| 653 | 0 |
_9402793 _aфортепиано |
|
| 700 |
_aЧайковский, Петр Ильич _d1840 - 1893 _9276107 |
||
| 852 |
_aЦб М ІІ 613 _p0 |
||
| 856 | 4 |
_qpdf _u |
|
| 856 | 4 |
_qpdf _u |
|
| 942 |
_cNOT _n0 _s1 |
||
| 944 |
_aCR _c2020-05-21 _k _lCRON CRON |
||
| 999 | _d359647 | ||
| 999 | _d354023 | ||
| 999 | _d318004 | ||